Elenca la formazione - Quiz n°191 - Statistics

Statistiche generali
  • Questo quiz è stato fatto 43 volte
  • Il punteggio medio è 6 su 11
Statistiche sulle risposte
Ruolo Nazione Calciatore % Corretto
Difensore Uruguay Diego Godín
100%
Centrocampista Spagna Koke
94%
Attaccante Croazia Mario Mandžukić
83%
Centrocampista Spagna Saúl
83%
Difensore Spagna Juanfran
78%
Difensore Brasile Miranda
72%
Centrocampista Spagna Gabi
69%
Attaccante Spagna Raúl García
22%
Centrocampista Spagna Mario Suárez
19%
Portiere Spagna Miguel Ángel Moyà
17%
Difensore Brasile Guilherme Siqueira
0%
Nessun quiz corrispondente trovato
Distribuzione punteggi
Percentuale di utenti per punteggio
Percentile per numero di risposta
I tuoi punteggi nel tempo
Non hai fatto questo quiz